|
|
|
|
| LEADER |
00000cam a2200000 7i4500 |
| 001 |
0000025577 |
| 005 |
20140918.0 |
| 008 |
180914 my # eng |
| 020 |
|
|
|a 9678917084
|
| 040 |
|
|
|a INS
|
| 090 |
0 |
0 |
|a KPG981.3
|b M4 2010
|
| 110 |
1 |
|
|a Malaysia
|
| 240 |
0 |
0 |
|a [Akta Timbang dan Sukat 1972 (Akta 71)]
|
| 245 |
1 |
0 |
|a Akta Timbang dan Sukat 1972 (Akta 71) :
|b (Hingga 10hb Ogos 2010)
|c disusun oleh Lembaga Penyelidikan Undang-Undang
|
| 260 |
|
|
|a Petaling Jaya :
|b ILBS ,
|c 2010
|
| 300 |
|
|
|a 236 p ;
|c 24 cm.
|
| 650 |
0 |
0 |
|a Weights and measures
|x Law and legislation
|z Malaysia
|
| 710 |
1 |
|
|a International Law Book Services
|x Lembaga Penyelidikan Undang-Undang
|
| 740 |
0 |
|
|a Undang-Undang Malaysia
|
| 999 |
|
|
|a 1000001928
|b BOOK
|c Open Shelf
|e Default branch
|